Capitão de navio (Registo nº 132)
[ vista simples ]
| 000 -Etiqueta do registo | |
|---|---|
| Cabeçalho | 00778nam0a2200265 4500 |
| 005 - Identificador da versão | |
| Campo de controlo | 20240813121755.0 |
| 010 ## - Número internacional normalizado dos livros (ISBN) | |
| Número (ISBN) | 972412360X |
| 021 ## - Número do Depósito Legal | |
| Código do país | PT |
| Número | 151702/00 |
| 100 ## - Dados gerais de processamento | |
| Dados gerais de processamento | 20160512d2000 a e0pory5003 ba |
| 102 ## - Pais de publicação ou produção | |
| País de publicação | Portugal |
| 101 1# - Língua de publicação | |
| Língua do texto, banda sonora, etc. | Português |
| Língua do documento no original | Inglês |
| 215 ## - Descrição física | |
| Indicação específica da natureza do documento e extensão da espécie | 441, [1] p |
| 200 1# - Titulo e menção de responsabilidade | |
| Título próprio | Capitão de navio |
| Primeira menção de responsabilidade | Patrick O'Brian |
| Outras menções de responsabilidade | trad. do inglês por J. Teixeira de Aguilar |
| 225 2# - Colecção | |
| Título próprio da colecção | Romance |
| 205 ## - Menção da edição | |
| Menção da edição | 1ª ed |
| 210 ## - Publicação, Distribuição, etc. | |
| Lugar da edição, distribuição, etc. | Lisboa |
| Nome do editor, distribuidor, etc. | Asa |
| Data da publicação, distribuição, etc. | 2000 |
| 606 ## - Nome comum usado como assunto | |
| Número de registo de entrada de autoridade | 0002932 |
| Palavra de ordem | Literatura irlandesa |
| Subdivisão de assunto | Romances históricos |
| Código do sistema | Ca |
| 675 ## - Classificação Decimal Universal (CDU) | |
| Notação | 821.111(417)-311.6 |
| Edição | 3ª ed. |
| Língua da edição | por |
| 702 #1 - Nome de autor-pessoa física (responsabilidade secundária) | |
| Número de registo de entrada de autoridade | 0002935 |
| Palavra de ordem | Aguilar |
| Outra parte do nome não tomada para palavra de ordem | J. Teixeira de |
| Código de função | Tradutor |
| 700 #1 - Nome de autor-pessoa física (responsabilidade principal) | |
| Número de registo de entrada de autoridade | 0002934 |
| Palavra de ordem | O'Brian |
| Outra parte do nome não tomada para palavra de ordem | Patrick |
| Datas | 1914-2000 |
| 966 ## - Identificação da Biblioteca | |
| Sigla | EB2,3ENM |
| 942 ## - Elementos de entrada adicionados (Koha) | |
| Tipo de item no Koha | Livro |
| Situação do levantamento | Origin of item (home branch) (coded) | Biblioteca de empréstimo | Código de barras | Cota | Circulation type (not for loan) | Tipo de documento | Nota do exemplar | Damaged status |
|---|---|---|---|---|---|---|---|---|
| Biblioteca Escolar Eng. Nuno Mergulhão | Biblioteca Escolar Eng. Nuno Mergulhão | BENM298 | 82LE-3 O'BR | Livro | Sem mensagem |
